Größte Gemeinden im Mühlviertel - Statistiken

Allgemein
  • Dieses Quiz wurde 40 mal gespielt
  • Das Durchschnittsergebnis liegt bei 13 aus 20
Antwortstatistiken
Einwohner Bezirk Gemeinde % Korrekt
5.219 Rohrbach Rohrbach-Berg
96%
7.981 Freistadt Freistadt
93%
6.567 Urfahr-Umgebung Gallneukirchen
89%
8.837 Perg Perg
89%
4.260 Urfahr-Umgebung Bad Leonfelden
85%
4.924 Perg Mauthausen
81%
5.544 Freistadt Pregarten
81%
8.840 Urfahr-Umgebung Engerwitzdorf
78%
4.738 Urfahr-Umgebung Ottensheim
74%
4.932 Urfahr-Umgebung Steyregg
74%
5.395 Urfahr-Umgebung Feldkirchen an der Donau
70%
4.477 Urfahr-Umgebung Puchenau
67%
4.672 Urfahr-Umgebung Altenberg bei Linz
59%
5.114 Urfahr-Umgebung Gramastetten
59%
5.321 Perg Schwertberg
59%
4.262 Perg St. Georgen an der Gusen
59%
4.279 Perg Luftenberg an der Donau
41%
4.180 Urfahr-Umgebung Alberndorf in der Riedmark
37%
4.308 Freistadt Wartberg ob der Aist
37%
4.307 Perg Ried in der Riedmark
19%
Keine übereinstimmenden Quizze gefunden
Verteilung der Resultate
Anzahl Personen mit jedem Resultat
Perzentil nach korrekt beantworteten Fragen
Ihre Resultats-Entwicklung
Sie haben dieses Quiz noch nicht gespielt